Classic Movie Quotes - Statistics

General Stats
  • This quiz has been taken 68 times
  • The average score is 12 of 17
Answer Stats
Hint Answer % Correct
Use the force Luke Star Wars
95%
Im gonna make him an offer he can't refuse The godfather
93%
Leave the gun, Take the cannoli The Godfather
93%
KEVIN!!!! Home Alone
89%
(Austrian accent) ILL BE BACK Terminator
89%
Houston, we have a problem Apollo 13
82%
You're gonna need a bigger boat. Jaws
82%
Here's Johnny! The Shining
82%
You killed my father. Prepare to die. The princess bride.
71%
Have fun storming the castle! The Princess bride
71%
Yippie ki - Yay motherfu- Die Hard
70%
Don't you... forget about me The Breakfast Club
70%
THIS IS SPARTA!!! 300
64%
When you're a Jet you're a jet all the way West Side Story
50%
If you build it, he will come Field of dreams
46%
Because i'm just a girl, standing in front of a boy, asking him to love her. Notting Hill
32%
Do you believe in miracles? Miracle
25%
No matching quizzes found
Score Distribution
Percent of People with Each Score
Percentile by Number Answered
Your Score History
You have not taken this quiz